000 00559nam a2200169Ia 4500
003 GCL
008 140319s9999 xx 000 0 ara d
040 _aGCL /
_cGCL
082 0 4 _a182.7
_bا م
100 1 _aاسماعيل المهدى
245 1 0 _aمعنى الديمقراطية فى الأيديولوجية الجديدة /
_cاسماعيل المهدى
260 _a[S.N] :
_bالمجالس ،
_c1990
300 _a224 ص
490 _aثلاثية الايديولوجية الجديدة
_v0
650 0 4 _aالديمقراطية
942 _2ddc
_cBK
999 _c39318
_d39318